000 00742nab a2200229 u 4500
001 09026
003 HDC
007 cr bn ---aaaaa
008 210131c2012 my dr|nes 0 a may d
040 _aHDC
245 0 _aSME Bank, Teraju Sedia Dana RM500 juta
260 _aKuala Lumpur :
_bUtusan Melayu (M) Bhd.,
_c2012
336 _atext
_2rdacontent
337 _acomputer
_2rdamedia
338 _aonline resource
_2rdacarrier
650 _afinancial Fund
_99095
650 _aSME bank
_zMalaysia
_98445
856 _zRequest full-text at [email protected]
942 _2lcc
942 _cNEWS
942 _kNWSC 002449
999 _c6349
_d6349